[Event "COL-ch sf"]
[Site "Pereira"]
[Date "2024.03.30"]
[Round "8"]
[White "Univio Sanchez, German"]
[Black "Herrera Jimenez, Mateo"]
[Result "1-0"]
[WhiteElo "2024"]
[BlackElo "1828"]
[PlyCount "87"]
[EventDate "2024.03.26"]
[EventType "swiss"]
[EventRounds "11"]
[EventCountry "COL"]
[SourceTitle "CB14_2024"]
[SourceDate "2024.04.01"]
[SourceVersion "1"]
[SourceVersionDate "2024.04.01"]
[SourceQuality "1"]

1. e4 e5 2. Nf3 Nc6 3. d4 exd4 4. Nxd4 Nf6 5. Nxc6 bxc6 6. e5 Qe7 7. Qe2 Nd5 8. c4 Ba6 9. b3 g6 10. g3 Bg7 11. Bg2 0-0-0 12. 0-0 Rde8 13. Bb2 Bxe5 14. Bxe5 Qxe5 15. Qxe5 Rxe5 16. cxd5 Bxf1 17. Kxf1 cxd5 18. f4 Re3 19. Bxd5 c6 20. Bc4 d5 21. Ba6+ Kc7 22. Nd2 Rhe8 23. Kf2 Kb6 24. Bf1 a5 25. Rc1 a4 26. b4 f6 27. Rc2 R3e7 28. Nf3 Re4 29. a3 Re3 30. Nd4 Rxa3 31. Rxc6+ Kb7 32. Ba6+ Ka8 33. Nb5 Ra2+ 34. Kf3 Rb8 35. Rc7 Rxb5 36. Bxb5 a3 37. Bc6+ Kb8 38. Rb7+ Kc8 39. Ra7 Rxh2 40. b5 Ra2 41. b6 Kd8 42. Rd7+ Ke8 43. Rxh7+ Kf8 44. b7 1-0

[Event "COL-ch sf"]
[Site "Pereira"]
[Date "2024.03.28"]
[Round "5"]
[White "Jaramillo, Carlos Orlando"]
[Black "Univio Sanchez, German"]
[Result "0-1"]
[WhiteElo "1834"]
[BlackElo "2024"]
[PlyCount "120"]
[EventDate "2024.03.26"]
[EventType "swiss"]
[EventRounds "11"]
[EventCountry "COL"]
[SourceTitle "CB14_2024"]
[SourceDate "2024.04.01"]
[SourceVersion "1"]
[SourceVersionDate "2024.04.01"]
[SourceQuality "1"]

1. e3 c5 2. c4 Nf6 3. Nc3 g6 4. b3 Bg7 5. Bb2 0-0 6. Nf3 d5 7. cxd5 Nxd5 8. Bc4 Nb4 9. d3 Be6 10. 0-0 Bxc4 11. dxc4 Nd3 12. Qe2 Nxb2 13. Qxb2 Qa5 14. Rac1 Nc6 15. Qc2 Nb4 16. Qb1 Bxc3 17. Rxc3 Nxa2 18. Rd3 Rad8 19. Rxd8 Rxd8 20. Qa1 f6 21. Rb1 b6 22. Rd1 Rxd1+ 23. Qxd1 Nc3 24. Qd8+ Kf7 25. g3 Qa2 26. Nd2 Qc2 27. Kg2 Qf5 28. Nf3 Qe4 29. Qd2 Nb1 30. Qd1 g5 31. h3 h5 32. Kh2 Nc3 33. Qh1 Qc2 34. Qe1 Qxb3 35. Nd2 Qd1 36. Qxd1 Nxd1 37. Kg2 a5 38. Kf1 Nb2 39. Ke2 a4 40. Nb1 Nxc4 41. Kd3 b5 42. Kc3 a3 43. Kb3 b4 44. e4 Na5+ 45. Ka2 c4 46. f3 c3 47. Nxa3 bxa3 48. Kxa3 h4 49. gxh4 gxh4 50. f4 Ke6 51. Ka2 Kd6 52. Kb1 Kc5 53. Kc2 Kd4 54. e5 Nc6 55. exf6 exf6 56. Kc1 Kd3 57. Kd1 Nd4 58. f5 c2+ 59. Kc1 Ne2+ 60. Kb2 c1Q+ 0-1

[Event "Rivera Hernandez Memorial"]
[Site "Rivera Huila"]
[Date "2023.07.20"]
[Round "4"]
[White "Paredes Lagos, Anthony Javier"]
[Black "Univio Sanchez, German"]
[Result "1-0"]
[WhiteElo "2345"]
[BlackElo "2035"]
[PlyCount "115"]
[EventDate "2023.07.19"]
[EventType "swiss"]
[EventRounds "10"]
[EventCountry "COL"]
[SourceTitle "CBM 215 Extra"]
[Source "ChessBase"]
[SourceDate "2023.09.30"]
[SourceVersion "1"]
[SourceVersionDate "2023.09.30"]
[SourceQuality "1"]

1. e4 c5 2. Nf3 d6 3. c3 Nf6 4. h3 g6 5. Bd3 Bg7 6. Bc2 0-0 7. 0-0 b5 8. Re1 Bb7 9. d4 Nfd7 10. e5 dxe5 11. dxe5 e6 12. Bf4 Qc7 13. Nbd2 Nc6 14. Qe2 a6 15. h4 Rfe8 16. h5 Rac8 17. Rad1 c4 18. Ne4 Ncxe5 19. Nxe5 Nxe5 20. Nd6 Nd3 21. Bxd3 cxd3 22. Rxd3 Rf8 23. h6 Bf6 24. Be5 Bg5 25. Qg4 Bxh6 26. Rh3 Bg7 27. Qh4 h5 28. Bxg7 Kxg7 29. Qd4+ Kg8 30. Nxc8 Qxc8 31. Rd1 Qc6 32. Rg3 Qc8 33. Qf6 Be4 34. Rd4 Bb1 35. Rh4 Qd8 36. Qxd8 Rxd8 37. Rd4 Ra8 38. a4 e5 39. Rb4 e4 40. axb5 axb5 41. Rxb5 Bd3 42. Rxh5 Ra1+ 43. Kh2 Rf1 44. Rxd3 exd3 45. Rd5 Rxf2 46. b4 Rd2 47. Kg3 Kf8 48. Kf3 Ke7 49. g4 Ke6 50. Rd4 Ke5 51. Ke3 Rd1 52. Rxd3 Rh1 53. c4 Re1+ 54. Kd2 Rg1 55. g5 Ke4 56. Rd5 Rg2+ 57. Kc3 Rg3+ 58. Kc2 1-0

[Event "Sabaneta op-A 1st"]
[Site "Sabaneta"]
[Date "2022.11.29"]
[Round "7"]
[White "Robledo, Andres Mauricio"]
[Black "Univio Sanchez, German"]
[Result "1/2-1/2"]
[WhiteElo "1917"]
[BlackElo "2023"]
[PlyCount "169"]
[EventDate "2022.11.25"]
[EventType "swiss"]
[EventRounds "10"]
[EventCountry "COL"]
[SourceTitle "CBM 211 Extra"]
[Source "ChessBase"]
[SourceDate "2023.01.31"]
[SourceVersion "1"]
[SourceVersionDate "2023.01.31"]
[SourceQuality "1"]

1. d4 Nf6 2. Bg5 c5 3. d5 b5 4. Nf3 Ne4 5. Bf4 Qb6 6. Nbd2 Nxd2 7. Qxd2 d6 8. e4 Bg4 9. Be2 Bxf3 10. Bxf3 Nd7 11. 0-0 h6 12. Be3 g5 13. Be2 Bg7 14. c3 Nf6 15. f4 Nxe4 16. Qc2 Nf6 17. Qf5 Qb7 18. fxg5 hxg5 19. Bxg5 c4 20. Rae1 Kf8 21. Bxf6 Bxf6 22. Bg4 Kg7 23. Rf3 Rag8 24. Ref1 Kf8 25. Qc8+ Qxc8 26. Bxc8 Rg5 27. Bb7 Rh7 28. Bc6 b4 29. a3 bxa3 30. bxa3 Re5 31. Rb1 Kg7 32. Rf4 Bg5 33. Rxc4 f5 34. Rd1 Re2 35. Bd7 Be3+ 36. Kh1 f4 37. Bg4 Ra2 38. a4 Rh8 39. Re4 Kf8 40. h3 Rc2 41. Rc4 Kg7 42. Rf1 Rb8 43. Re4 Rb7 44. Rc4 Rb3 45. Rc7 Kf6 46. h4 Rbxc3 47. Rxc3 Rxc3 48. g3 Ke5 49. gxf4+ Bxf4 50. Be6 Rc2 51. Re1+ Kd4 52. Bf7 Rh2+ 53. Kg1 Rxh4 54. Rxe7 Kc3 55. Kf2 a5 56. Be8 Bd2 57. Rc7+ Kd4 58. Bc6 Rf4+ 59. Kg3 Rf5 60. Rb7 Bb4 61. Re7 Rxd5 62. Bxd5 Kxd5 63. Rc7 Bc5 64. Rb7 Kc4 65. Rb1 Bb4 66. Kf3 d5 67. Ke2 d4 68. Kd1 d3 69. Rb2 Kc3 70. Rh2 Kc4 71. Rh4+ Kb3 72. Rh3 Kc3 73. Rh2 Bd6 74. Rh6 Bf4 75. Rb6 Kc4 76. Rb5 Bc7 77. Kd2 Bf4+ 78. Kd1 Bc7 79. Kd2 Bd6 80. Rh5 Bb4+ 81. Kd1 Kc3 82. Rh2 Kb3 83. Rh3 Kc4 84. Rh4+ Kb3 85. Rh3 1/2-1/2

[Event "COL-ch"]
[Site "Boyaca"]
[Date "2022.08.21"]
[Round "9"]
[White "Univio Sanchez, German"]
[Black "Negron Lizarazo, Juan Sebastian"]
[Result "1-0"]
[WhiteElo "2055"]
[BlackElo "1456"]
[PlyCount "79"]
[EventDate "2022.08.17"]
[EventType "swiss"]
[EventRounds "9"]
[EventCountry "COL"]
[SourceTitle "CBM 210 Extra"]
[Source "ChessBase"]
[SourceDate "2022.11.30"]
[SourceVersion "1"]
[SourceVersionDate "2022.11.30"]
[SourceQuality "1"]

1. e4 c5 2. b4 d6 3. bxc5 dxc5 4. Nf3 Nc6 5. Bc4 Nf6 6. Nc3 g6 7. e5 Ng4 8. e6 f6 9. h3 Nge5 10. Nxe5 Nxe5 11. Bb5+ Nc6 12. Qf3 Qd6 13. Ne4 Qe5 14. 0-0 Bg7 15. d4 cxd4 16. Bxc6+ bxc6 17. Nxf6+ Qxf6 18. Qxc6+ Kf8 19. Qxa8 Qxe6 20. Bg5 Qd7 21. Rae1 Bf6 22. Bxf6 exf6 23. Qe4 Ba6 24. Rb1 Bxf1 25. Rb8+ Kf7 26. Rb7 Bb5 27. Rxd7+ Bxd7 28. Qxd4 Ke7 29. Qc5+ Ke6 30. Qe3+ Kd6 31. Qxa7 Rc8 32. Qd4+ Ke7 33. a4 Bf5 34. c4 Be6 35. c5 Rc6 36. a5 Ra6 37. Qb4 Bd5 38. c6+ Ke6 39. c7 Rc6 40. Qb8 1-0

[Event "COL-ch"]
[Site "Boyaca"]
[Date "2022.08.18"]
[Round "3"]
[White "Univio Sanchez, German"]
[Black "Marin, Sebastian"]
[Result "0-1"]
[WhiteElo "2055"]
[BlackElo "2296"]
[PlyCount "82"]
[EventDate "2022.08.17"]
[EventType "swiss"]
[EventRounds "9"]
[EventCountry "COL"]
[SourceTitle "CBM 210 Extra"]
[Source "ChessBase"]
[SourceDate "2022.11.30"]
[SourceVersion "1"]
[SourceVersionDate "2022.11.30"]
[SourceQuality "1"]

1. e4 e6 2. d3 d5 3. Nd2 Nf6 4. g3 a5 5. Bg2 a4 6. Ngf3 a3 7. 0-0 axb2 8. Bxb2 Be7 9. e5 Nfd7 10. h4 0-0 11. Re1 Nb6 12. Nf1 Na4 13. Qc1 Nxb2 14. Qxb2 Qe8 15. Ne3 Qa4 16. c4 c6 17. h5 Nd7 18. h6 g6 19. Nh4 Qa3 20. Qe2 Qc3 21. Ng4 Qd4 22. Bh3 Ra3 23. Rad1 Nc5 24. Nf3 Qc3 25. Nf6+ Bxf6 26. exf6 Nxd3 27. cxd5 cxd5 28. Rf1 Nf4 29. gxf4 Qxf3 30. Qxf3 Rxf3 31. Kg2 Rxf4 32. Rc1 Bd7 33. Rc7 Bc6 34. Kg3 g5 35. Re1 Rxf6 36. Re5 Rxh6 37. Rxg5+ Rg6 38. Rxg6+ hxg6 39. Kf4 Rd8 40. Ke5 Rd7 41. Rc8+ Kg7 0-1

[Event "Pereira Gildardo Garcia Memorial-A"]
[Site "Pereira"]
[Date "2022.05.22"]
[Round "9"]
[White "Univio Sanchez, German"]
[Black "Agudelo, Carlos Hernan"]
[Result "1-0"]
[WhiteElo "2052"]
[BlackElo "2008"]
[PlyCount "119"]
[EventDate "2022.05.18"]
[EventType "swiss"]
[EventRounds "10"]
[EventCountry "COL"]
[SourceTitle "CBM 208 Extra"]
[Source "ChessBase"]
[SourceDate "2022.07.31"]
[SourceVersion "1"]
[SourceVersionDate "2022.07.31"]
[SourceQuality "1"]

1. d4 Nf6 2. c4 c5 3. d5 e6 4. Nc3 exd5 5. cxd5 d6 6. e4 g6 7. f4 Bg7 8. Bb5+ Bd7 9. a4 0-0 10. Nf3 Re8 11. Nd2 Nxe4 12. Ndxe4 Bxc3+ 13. bxc3 Rxe4+ 14. Kf2 Qf6 15. Qf3 Re7 16. Rb1 Bf5 17. Bd3 Qxc3 18. Bxf5 Qxf3+ 19. gxf3 gxf5 20. Rg1+ Kf8 21. Bb2 Nd7 22. Bg7+ Ke8 23. Bh6 Kd8 24. Rxb7 Kc8 25. Rbb1 Kc7 26. Rg7 Nb6 27. Bg5 Rd7 28. Rd1 f6 29. Bxf6 Rxg7 30. Bxg7 Nxa4 31. h4 Nb6 32. h5 a5 33. Kg3 Rg8 34. h6 a4 35. Kh4 a3 36. Kg5 a2 37. Kxf5 Re8 38. Kg5 Nc4 39. f5 Re2 40. f6 Ne5 41. f7 Nxf7+ 42. Kf6 Ne5 43. f4 Nf3 44. Kf7 Kd7 45. Kg8 Nd2 46. Kxh7 Nb1 47. Ba1 Rg2 48. Re1 c4 49. f5 c3 50. f6 c2 51. f7 Rf2 52. Kg8 Rg2+ 53. Bg7 a1Q 54. f8Q Kc7 55. Qe7+ Kb6 56. Qxd6+ Kb5 57. Qc6+ Kb4 58. Re4+ Kb3 59. Qb5+ Ka2 60. Qc4+ 1-0

[Event "Pereira Gildardo Garcia Memorial-A"]
[Site "Pereira"]
[Date "2022.05.21"]
[Round "8"]
[White "Orbe Vivero, Veronica Priscila"]
[Black "Univio Sanchez, German"]
[Result "0-1"]
[WhiteElo "1636"]
[BlackElo "2052"]
[PlyCount "68"]
[EventDate "2022.05.18"]
[EventType "swiss"]
[EventRounds "10"]
[EventCountry "COL"]
[SourceTitle "CBM 208 Extra"]
[Source "ChessBase"]
[SourceDate "2022.07.31"]
[SourceVersion "1"]
[SourceVersionDate "2022.07.31"]
[SourceQuality "1"]

1. e4 c5 2. c3 Nc6 3. d4 cxd4 4. cxd4 d5 5. e5 e6 6. Nc3 Nge7 7. f4 Nf5 8. Nf3 Qb6 9. Bb5 Bb4 10. 0-0 0-0 11. Bxc6 bxc6 12. g4 Nh6 13. h3 Kh8 14. Kh1 Qd8 15. Be3 Qe7 16. Rc1 Rb8 17. Ne2 Bd7 18. Qd3 c5 19. dxc5 Bb5 20. Qc2 Rfc8 21. Rf2 Bc4 22. b3 Bxe2 23. Rxe2 Ba3 24. Rd1 Bxc5 25. Rc1 d4 26. Bxd4 Bxd4 27. Qxc8+ Rxc8 28. Rxc8+ Ng8 29. Rec2 Qb7 30. Kh2 Be3 31. Kg3 h6 32. Re8 Qe4 33. Rcc8 Bxf4+ 34. Kh4 g5+ 0-1

[Event "Pereira Gildardo Garcia Memorial-A"]
[Site "Pereira"]
[Date "2022.05.20"]
[Round "5"]
[White "Univio Sanchez, German"]
[Black "Rivera, Alberto"]
[Result "1/2-1/2"]
[WhiteElo "2052"]
[BlackElo "2318"]
[PlyCount "38"]
[EventDate "2022.05.18"]
[EventType "swiss"]
[EventRounds "10"]
[EventCountry "COL"]
[SourceTitle "CBM 208 Extra"]
[Source "ChessBase"]
[SourceDate "2022.07.31"]
[SourceVersion "1"]
[SourceVersionDate "2022.07.31"]
[SourceQuality "1"]

1. Nf3 Nf6 2. g3 d5 3. Bg2 c6 4. 0-0 Bg4 5. c4 e6 6. d3 Nbd7 7. Nbd2 Be7 8. Rb1 a5 9. b3 0-0 10. a3 Qb8 11. b4 axb4 12. axb4 b5 13. Nd4 Rc8 14. h3 Bh5 15. c5 Ra4 16. g4 Bg6 17. N2b3 Rxb4 18. Bd2 Ra4 19. e3 e5 1/2-1/2

[Event "COL Subzt 2.3.4"]
[Site "Risarald"]
[Date "2021.11.27"]
[Round "8"]
[White "Zapata, Alonso"]
[Black "Univio Sanchez, German"]
[Result "1-0"]
[WhiteElo "2384"]
[BlackElo "2050"]
[PlyCount "106"]
[EventDate "2021.11.23"]
[EventType "swiss"]
[EventRounds "9"]
[EventCountry "COL"]
[SourceTitle "CBM 205 Extra"]
[Source "ChessBase"]
[SourceDate "2022.01.31"]
[SourceVersion "1"]
[SourceVersionDate "2022.01.31"]
[SourceQuality "1"]

1. e4 c5 2. Nf3 d6 3. d4 cxd4 4. Nxd4 Nf6 5. Nc3 g6 6. Be2 Bg7 7. 0-0 0-0 8. Kh1 Nc6 9. Nb3 Be6 10. Bg5 h6 11. Bh4 g5 12. Bg3 Bxb3 13. axb3 e5 14. Re1 Nd4 15. Bc4 Kh8 16. Nd5 b5 17. Nxf6 bxc4 18. Nd5 cxb3 19. cxb3 Qb8 20. b4 Qb7 21. Ra5 Rfc8 22. h4 f5 23. exf5 Nxf5 24. hxg5 Qf7 25. Ne3 Nxe3 26. fxe3 Qg6 27. e4 Qxg5 28. Ra3 Rc6 29. b5 Rb6 30. Rf1 Rc8 31. Kh2 Rc7 32. Rf5 Qg6 33. Qd5 Rcb7 34. Qc4 Rxb5 35. Rxa7 Rxa7 36. Qxb5 Ra8 37. Qb7 Rf8 38. Rxf8+ Bxf8 39. Bh4 Qh5 40. Kh3 Qg6 41. Qc8 Qf7 42. b4 Qf1 43. Bg3 h5 44. Qf5 Qxf5+ 45. exf5 h4 46. Bxh4 d5 47. b5 Kg8 48. b6 d4 49. Kg4 Kf7 50. Kf3 Bc5 51. b7 Ba7 52. Ke4 Ke8 53. Bg3 Kd7 1-0

[Event "COL-chB U2200"]
[Site "Antioquia"]
[Date "2018.12.08"]
[Round "5"]
[White "Ruiz Aguilar, Pablo Alexander"]
[Black "Univio Sanchez, German"]
[Result "1-0"]
[WhiteElo "2191"]
[BlackElo "2044"]
[PlyCount "115"]
[EventDate "2018.12.06"]
[EventType "swiss"]
[EventRounds "7"]
[EventCountry "COL"]
[SourceTitle "CBM 190 Extra"]
[Source "ChessBase"]
[SourceDate "2019.07.15"]
[SourceVersion "1"]
[SourceVersionDate "2019.07.15"]
[SourceQuality "1"]

1. e4 d5 2. exd5 Qxd5 3. Nc3 Qd6 4. d4 Nf6 5. Nb5 Qb6 6. c4 c6 7. Nc3 g6 8. Nf3 Bg7 9. Be2 0-0 10. 0-0 Bf5 11. c5 Qc7 12. Qb3 Nbd7 13. h3 b6 14. cxb6 axb6 15. Be3 Ne4 16. Rfc1 Qd6 17. Nxe4 Bxe4 18. Nd2 Bd5 19. Bc4 Nf6 20. a4 Rab8 21. Qc2 Rfc8 22. Ba6 Rd8 23. Nc4 Qc7 24. Ne5 Qa7 25. Bc4 Nd7 26. Bxd5 Nxe5 27. Bb3 Nd7 28. Qxc6 e5 29. Bxf7+ Kxf7 30. Qd5+ Kf8 31. Qd6+ Kg8 32. Rc7 Qxc7 33. Qxc7 Rbc8 34. Qb7 exd4 35. Bxd4 Ne5 36. Bc3 Rb8 37. Qa7 Bf6 38. Qa6 Nd7 39. Bxf6 Nxf6 40. a5 Nd7 41. Qc4+ Kg7 42. a6 Rbc8 43. Qd4+ Kh6 44. a7 Nc5 45. Qe3+ Kg7 46. b4 Nd7 47. a8Q Rxa8 48. Rxa8 Rxa8 49. Qe7+ Kh6 50. Qxd7 Ra1+ 51. Kh2 Rb1 52. Qd2+ g5 53. h4 Kg7 54. Qxg5+ Kh8 55. Qe5+ Kg8 56. Qe8+ Kg7 57. Qe7+ Kg8 58. h5 1-0

[Event "COL-chB U2200"]
[Site "Antioquia"]
[Date "2018.12.07"]
[Round "2"]
[White "Univio Sanchez, German"]
[Black "Zapata Cuartas, Juan Carlos"]
[Result "1-0"]
[WhiteElo "2044"]
[BlackElo "2111"]
[PlyCount "79"]
[EventDate "2018.12.06"]
[EventType "swiss"]
[EventRounds "7"]
[EventCountry "COL"]
[SourceTitle "CBM 190 Extra"]
[Source "ChessBase"]
[SourceDate "2019.07.15"]
[SourceVersion "1"]
[SourceVersionDate "2019.07.15"]
[SourceQuality "1"]

1. e4 c5 2. Nf3 d6 3. d4 cxd4 4. Nxd4 Nf6 5. Nc3 a6 6. Bc4 e6 7. Bb3 Nbd7 8. Bg5 Nc5 9. Qf3 Be7 10. 0-0-0 Nxb3+ 11. axb3 Qa5 12. Be3 Bd7 13. g4 0-0 14. g5 Ne8 15. Kb1 b5 16. h4 Rc8 17. h5 b4 18. Na2 Nc7 19. Qg2 Nb5 20. f4 Rc7 21. Rd2 Nxd4 22. Bxd4 e5 23. Be3 f5 24. gxf6 Rxf6 25. Rd5 Bb5 26. f5 Rc6 27. Bg5 Rf7 28. Bxe7 Rxe7 29. f6 Rec7 30. fxg7 Rxc2 31. Qg5 Rxb2+ 32. Kxb2 Rc2+ 33. Kxc2 Qxa2+ 34. Kd1 Qxb3+ 35. Ke1 Qb1+ 36. Rd1 Qxe4+ 37. Kf2 Qc2+ 38. Kg3 Qc3+ 39. Kh2 Qc2+ 40. Rd2 1-0